| 000 | 00862cam a2200205 4500 | ||
|---|---|---|---|
| 001 | ABS66292 | ||
| 008 | 021216n2002 000 0 eng u | ||
| 035 | _a(Sirsi) u120778 | ||
| 100 | _aCooke-Priest, P | ||
| 245 | _aTight bands that hurt | ||
| 260 | _c2002 | ||
| 490 |
_aEstates Gazette _v(0246) 16 November 2002, 190-191(2) |
||
| 520 | _aLooks at possible solution to problem of one-size-fits-all approach to banding for council tax, which results in an unfair ratings burden. The answer could lie in a system based on localised property values. Issue of bunching up of values could be solved by increasing the number of bands. Also appeals system should be tightened up. Table. | ||
| 590 | _aABS | ||
| 650 | _aCOUNCIL TAX | ||
| 650 | _aBANDING | ||
| 650 | _aLOCAL GOVERNMENT FINANCE ACT 1992 | ||
| 690 | _aRATING AND LOCAL TAXATION | ||
| 942 | _n0 | ||
| 999 |
_c71767 _d71767 |
||